अष्टाङ्गहृदयम् (Record no. 67782)
[ view plain ]
| 000 -LEADER | |
|---|---|
| fixed length control field | 00386nam a22001097a 4500 |
| 082 ## - DEWEY DECIMAL CLASSIFICATION NUMBER | |
| Classification number | 610 |
| 100 ## - MAIN ENTRY--AUTHOR NAME | |
| Personal name | आचार्य बालकृष्ण |
| 245 ## - TITLE STATEMENT | |
| Title | अष्टाङ्गहृदयम् |
| 260 ## - PUBLICATION, DISTRIBUTION, ETC. (IMPRINT) | |
| Place of publication | हरिद्वार |
| Name of publisher | दिव्य प्रकाशन |
| Year of publication | 2014 |
| 650 ## - SUBJECT ADDED ENTRY--TOPICAL TERM | |
| Topical Term | आयुर्वेद चिकित्सा |
| 942 ## - ADDED ENTRY ELEMENTS (KOHA) | |
| Koha item type | Hindi Books |
| Withdrawn status | Lost status | Damaged status | Not for loan | Home library | Current library | Date acquired | Cost, normal purchase price | Full call number | Accession Number | Price effective from | Koha item type |
|---|---|---|---|---|---|---|---|---|---|---|---|
| MACL | MACL | 25/10/2024 | 800.00 | 610 | DPI003085 | 25/10/2024 | Hindi Books |









